| 000 | 00471nam a2200181Ia 4500 | ||
|---|---|---|---|
| 008 | 180207s9999 xx 000 0 und d | ||
| 020 | _a9780545479813 | ||
| 050 | _bG798 2014 | ||
| 100 | _aGreenberg, David | ||
| 245 | _aSuper silly school poems / | ||
| 245 | _cpoems by David Greenberg ; pictures by Liza Woodruff. | ||
| 260 | _aNew York : | ||
| 260 | _bScholastic, | ||
| 260 | _c2014 | ||
| 300 | _a32 pages : | ||
| 300 | _bchiefly colored ; | ||
| 300 | _c25cm. | ||
| 999 |
_c355588 _d355588 |
||